Logo CIB grande

ATENCION PRIMARIA: PRINCIPIOS, ORGANIZACIÓN Y METODOS EN MEDICINA DE FAMIIA (Registro nro. 237400)

Detalles MARC
000 -LEADER
campo de control de longitud fija 00640nam a2200229Ia 4500
005 - FECHA Y HORA DE LA ÚLTIMA TRANSACCIÓN
campo de control 20250425162832.0
008 - DATOS DE LONGITUD FIJA--INFORMACIÓN GENERAL
campo de control de longitud fija 250425s9999 xx 000 0 und d
020 ## - NÚMERO INTERNACIONAL ESTÁNDAR DEL LIBRO
Número Internacional Estándar del Libro 9788491131861
041 ## - CÓDIGO DE IDIOMA
Código de lengua del texto/banda sonora o título independiente spa
044 ## - CÓDIGO DEL PAÍS DE LA ENTIDAD EDITORA/PRODUCTORA
Código MARC del país sp
010 ## - NÚMERO DE CONTROL DE LA BIBLIOTECA DEL CONGRESO
Número de control de LC 111217
100 ## - ENTRADA PRINCIPAL--NOMBRE DE PERSONA
Nombre de persona MARTIN ZURRO, A
245 #0 - MENCIÓN DEL TÍTULO
Título ATENCION PRIMARIA: PRINCIPIOS, ORGANIZACIÓN Y METODOS EN MEDICINA DE FAMIIA
250 ## - MENCION DE EDICION
Mención de edición 8A ED.
264 ## - PRODUCCIÓN, PUBLICACIÓN, DISTRIBUCIÓN, FABRICACIÓN Y COPYRIGHT
Producción, publicación, distribución, fabricación y copyright España, BARCELONA
Nombre del de productor, editor, distribuidor, fabricante ELSEVIER
Fecha de producción, publicación, distribución, fabricación o copyright 2019.
300 ## - DESCRIPCIÓN FÍSICA
Extensión 435
650 ## - PUNTO DE ACCESO ADICIONAL DE MATERIA--TÉRMINO DE MATERIA
Término de materia o nombre geográfico como elemento de entrada ATENCION PRIMARIA DE LA SALUD
650 ## - PUNTO DE ACCESO ADICIONAL DE MATERIA--TÉRMINO DE MATERIA
Término de materia o nombre geográfico como elemento de entrada ORGANIZACION Y METODOS EN MEDICINA DE FAMILIA
700 ## - ENTRADA AGREGADA--NOMBRE PERSONAL
Nombre de persona CANO PEREZ, J F
700 ## - ENTRADA AGREGADA--NOMBRE PERSONAL
Nombre de persona GENE BADIA, J
942 ## - ELEMENTOS DE ENTRADA SECUNDARIOS (KOHA)
Tipo de ítem Koha Libros
Existencias
Estatus retirado Estado de pérdida Estado de daño No para préstamo Biblioteca de origen Biblioteca actual Fecha de adquisición Coste, precio normal de compra Total de préstamos Código de barras Copia número Nota pública
        ESCUELA DE NEGOCIOS ESCUELA DE NEGOCIOS 18/02/2020 85.00   CP-17691 1 COMPRA

Copyright 2025 ESPOL. Todos los derechos reservados.